| 000 | 00626nac a22001811u 4500 | ||
|---|---|---|---|
| 035 | _a(OCoLC)561503 | ||
| 082 |
_a620.1 _bT585 |
||
| 090 |
_c810 _d810 |
||
| 100 | _aTimoshenko, Stephen, | ||
| 245 | 1 | 0 |
_aEngineering mechanics _c[by] S. Timoshenko [and] D. H. Young. |
| 250 | _a4th ed. | ||
| 260 |
_aNew York, _bMcGraw-Hill, _c1956. |
||
| 300 |
_a478 p. _billus. _c24 cm. |
||
| 650 | 0 | _aMechanics, Applied. | |
| 700 | 1 |
_aYoung, D. H. _q(Donovan Harold), _d1904- |
|
| 942 |
_cBB _k620.1T585 |
||
| 999 |
_c810 _d810 |
||